000 00840nam a22002057a 4500
003 BUBTL
008 230405b ||||| |||| 00| 0 eng d
020 _a9841800845
082 _a891.4401/ D9543s/ 2021
100 _95293
_aদত্ত, মাইকেল মধুসূদন
245 _aশ্রেষ্ঠ কবিতা /
_cমাইকেল মধুসূদন দত্ত
250 _a3rd Edn
260 _aঢাকা:
_bবিশ্বসাহিত্য কেন্দ্র,
_cc2021
300 _a80 p.:
_c22 cm.
505 _aশ্রেষ্ঠ কবিতা, মাইকেল মধুসূদন দত্ত, বাংলা কবিতা
650 0 _91687
_aবাংলা সাহিত্য
856 _k0
_l0
_yDownload
942 _2ddc
_cBK
999 _c7021
_d7021